Bundesliga 2025-2026 - Statistics

Statistiche generali
  • Questo quiz è stato fatto 37 volte
    20 dall'ultimo reset
  • Il punteggio medio è 13 su 18
Statistiche sulle risposte
Squadra % Corretto
Bayer Leverkusen
100%
Bayern Monaco
100%
Borussia Dortmund
100%
Amburgo
92%
Eintracht Francoforte
92%
RB Lipsia
92%
Wolfsburg
92%
Friburgo
69%
Union Berlino
69%
Borussia Mönchengladbach
62%
Heidenheim
62%
Magonza
62%
Stoccarda
62%
Colonia
54%
Hoffenheim
54%
Werder Brema
54%
Augusta
46%
St. Pauli
46%
Nessun quiz corrispondente trovato
Distribuzione punteggi
Percentuale di utenti per punteggio
Percentile per numero di risposta
I tuoi punteggi nel tempo
Non hai fatto questo quiz dall'ultimo reset